[Event "2022 Zone 4.1Individual Championships "]
[Site "Hotel Rosa Beach Monastir"]
[Date "2022.03.17"]
[Round "7"]
[Board "6"]
[White "Araoun, Saadi"]
[Black "Ben Hamouda, Mohamed Aymen"]
[Result "1-0"]
[WhiteElo "2058"]
[BlackElo "1509"]
[PlyCount "138"]
[EventDate "2022.03.13"]
[EventRounds "9"]
[EventCountry "TUN"]

1. d4 d5 2. Nf3 Nf6 3. c4 e6 4. Nc3 Be7 5. cxd5 exd5 6. Bg5 c6 7. Qc2 O-O 8. e3
h6 9. Bh4 Ne4 10. Bxe7 Qxe7 11. Bd3 Re8 12. O-O Nd7 13. Bxe4 dxe4 14. Nd2 f5
15. Rab1 a5 16. a3 Nf6 17. Rfc1 Be6 18. Nb3 Bd5 19. Nc5 Bf7 20. b4 axb4 21.
axb4 b5 22. Ra1 Nd7 23. Nxd7 Qxd7 24. Qb2 Qd6 25. g3 Kh7 26. Ra3 Bh5 27. h3 Bf3
28. Kh2 Qg6 29. Ne2 Rxa3 30. Nf4 Rea8 31. Nxg6 Ra2 32. Qb3 Rxf2+ 33. Kg1 Rg2+
34. Kf1 Raa2 35. Nf8+ Kh8 36. Ng6+ Kh7 37. Nf8+ Kh8 38. Ng6+ Kh7 39. Nf4 Rh2
40. Qxa2 Rxa2 41. Rxc6 Ra1+ 42. Kf2 Ra2+ 43. Ke1 g5 44. Rc7+ Kg8 45. Nd5 Re2+
46. Kf1 f4 47. gxf4 gxf4 48. Nxf4 Rxe3 49. Kf2 Rb3 50. d5 Rb2+ 51. Ke3 Rb3+ 52.
Kf2 Rb2+ 53. Kg3 Rd2 54. Rc6 Bd1 55. Re6 Bb3 56. Rxe4 Bxd5 57. Re8+ Kf7 58. Rd8
Rd4 59. Nxd5 h5 60. h4 Rg4+ 61. Kh3 Rd4 62. Rd6 Rd3+ 63. Kg2 Rd4 64. Kg3 Rg4+
65. Kh3 Rd4 66. Rf6+ Kg7 67. Rf5 Kh6 68. Rg5 Rc4 69. Kg3 Rg4+  1-0

[Event "2022 Zone 4.1Individual Championships "]
[Site "Hotel Rosa Beach Monastir"]
[Date "2022.03.18"]
[Round "8"]
[Board "1"]
[White "Msellek, Ilyass"]
[Black "Gator, Mosab"]
[Result "1/2-1/2"]
[WhiteElo "2411"]
[BlackElo "2133"]
[PlyCount "36"]
[EventDate "2022.03.13"]
[EventRounds "9"]
[EventCountry "TUN"]

1. e4 c5 2. Nf3 d6 3. Bb5+ Bd7 4. Bxd7+ Qxd7 5. O-O Nc6 6. c3 d5 7. e5 e6 8. d4
Rc8 9. Qe2 cxd4 10. cxd4 Nge7 11. Nc3 Nf5 12. Rd1 Be7 13. Be3 Qd8 14. Rac1 Qb6
15. Na4 Qa5 16. Nc3 Qb6 17. Na4 Qa5 18. Nc3 Qb6  1/2-1/2

[Event "2022 Zone 4.1Individual Championships "]
[Site "Hotel Rosa Beach Monastir"]
[Date "2022.03.18"]
[Round "8"]
[Board "2"]
[White "Sentissi, Yassine"]
[Black "Sadek, Sameh"]
[Result "0-1"]
[WhiteElo "1844"]
[BlackElo "2233"]
[PlyCount "150"]
[EventDate "2022.03.13"]
[EventRounds "9"]
[EventCountry "TUN"]

1. e4 c5 2. Nf3 a6 3. c3 e6 4. d4 d5 5. exd5 exd5 6. Bd3 c4 7. Bc2 Bd6 8. O-O
Ne7 9. Re1 Bg4 10. b3 cxb3 11. axb3 Nbc6 12. Qd3 Qc7 13. h3 Bh5 14. Nh4 Bg6 15.
Nxg6 hxg6 16. Nd2 Rc8 17. Bb1 O-O 18. Bb2 Rfe8 19. Nf3 Nf5 20. Rxe8+ Rxe8 21.
Bc2 Rc8 22. Rc1 Bf4 23. Re1 Nb4 24. Qd1 Nxc2 25. Qxc2 b5 26. g3 Bd6 27. Qd2 a5
28. Qe2 Qb7 29. Ra1 Ra8 30. Qc2 Qc6 31. Qd1 a4 32. bxa4 bxa4 33. Qc1 Qc4 34.
Ba3 Qe2 35. Bxd6 Nxd6 36. Nd2 Nb5 37. Nb1 Ra6 38. Na3 Rf6 39. Qc2 Qxc2 40. Nxc2
Nxc3 41. Ra3 Rc6 42. Ne3 Kf8 43. Kf1 Ke8 44. Ke1 Kd8 45. Ra1 Kc7 46. Kd2 Kd6
47. f3 a3 48. Nc2 Nb5 49. Nxa3 Nxd4 50. Ke3 Nb3 51. Rd1 Rc3+ 52. Kf2 Kc5 53. h4
d4 54. Re1 Kb4 55. Nb1 Rc2+ 56. Kf1 Rb2 57. Kg1 d3 58. Re4+ Kc5 59. Nc3 Rc2 60.
Nd1 Rc1 61. Re1 f5 62. Kf2 Kd4 63. g4 d2 64. Rf1 Rxd1 65. Rxd1 Kd3 66. gxf5
gxf5 67. Kg3 Ke3 68. h5 Nd4 69. Ra1 Nxf3 70. Ra3+ Ke4 71. Ra1 Nd4 72. Kf2 f4
73. Rd1 Kd3 74. Ra1 Kc3 75. Kf1 Kb2  0-1

[Event "2022 Zone 4.1Individual Championships "]
[Site "Hotel Rosa Beach Monastir"]
[Date "2022.03.18"]
[Round "8"]
[Board "3"]
[White "Araoun, Saadi"]
[Black "Ben Ghanem, Hamed"]
[Result "0-1"]
[WhiteElo "2058"]
[BlackElo "2112"]
[PlyCount "62"]
[EventDate "2022.03.13"]
[EventRounds "9"]
[EventCountry "TUN"]

1. d4 d5 2. Nf3 Nf6 3. c4 e6 4. Nc3 Bb4 5. Qa4+ Nc6 6. e3 O-O 7. Qc2 Re8 8. a3
Bxc3+ 9. bxc3 Na5 10. cxd5 exd5 11. Bd3 c5 12. dxc5 Qc7 13. O-O Qxc5 14. a4 Nc4
15. Nd2 Ne5 16. Ba3 Qc7 17. c4 Nxd3 18. Qxd3 Ng4 19. f4 Nxe3 20. Rf3 Bf5 21.
Qc3 d4 22. Qb3 Nc2 23. Rc1 d3 24. Bb2 Qc5+ 25. Kh1 Re2 26. Rcf1 Rxd2 27. Bxg7
Rxg2 28. Kxg2 Kxg7 29. Rg3+ Kf8 30. Qxb7 Re8 31. Rf2 Be4+  0-1

[Event "2022 Zone 4.1Individual Championships "]
[Site "Hotel Rosa Beach Monastir"]
[Date "2022.03.18"]
[Round "8"]
[Board "4"]
[White "Achour, Oussama"]
[Black "Ben Brahem, Aymen"]
[Result "0-1"]
[WhiteElo "1474"]
[BlackElo "2172"]
[PlyCount "70"]
[EventDate "2022.03.13"]
[EventRounds "9"]
[EventCountry "TUN"]

1. d4 d5 2. Bf4 c5 3. e3 Nc6 4. Nc3 c4 5. e4 e6 6. exd5 exd5 7. Be2 Nf6 8. Bf3
Bb4 9. Nge2 O-O 10. O-O h6 11. Be3 Re8 12. Nf4 Bxc3 13. bxc3 Bf5 14. Rb1 Re7
15. Rb5 a6 16. Rc5 Be6 17. Qb1 Na7 18. Qb4 b6 19. Rxd5 Bxd5 20. Nxd5 Nxd5 21.
Bxd5 Rc8 22. Bxc4 b5 23. Bd3 Rec7 24. Bd2 Qd5 25. Qa3 Rc6 26. Re1 Re6 27. Rxe6
Qxe6 28. h3 Rd8 29. Qa5 Re8 30. a4 Qc6 31. axb5 Nxb5 32. d5 Qc7 33. Qxc7 Nxc7
34. Bf4 Nxd5 35. Bxa6 Nxf4  0-1

[Event "2022 Zone 4.1Individual Championships "]
[Site "Hotel Rosa Beach Monastir"]
[Date "2022.03.18"]
[Round "8"]
[Board "5"]
[White "Seddaoui, Yamine"]
[Black "Ben Ammar, Mohamed"]
[Result "1-0"]
[WhiteElo "2114"]
[BlackElo "2173"]
[PlyCount "95"]
[EventDate "2022.03.13"]
[EventRounds "9"]
[EventCountry "TUN"]

1. e4 e5 2. Nf3 Nc6 3. Bb5 Nf6 4. Qe2 a6 5. Bxc6 dxc6 6. d3 Bd6 7. Bg5 h6 8.
Bh4 g5 9. Bg3 Bg4 10. h3 Bxf3 11. Qxf3 Qe7 12. Nd2 Nd7 13. Nc4 Bc5 14. O-O-O a5
15. Qf5 f6 16. d4 Bxd4 17. c3 b5 18. cxd4 bxc4 19. dxe5 c3 20. Qg6+ Kf8 21.
exf6 cxb2+ 22. Kb1 Qxf6 23. Qxf6+ Nxf6 24. Be5 Kf7 25. Bxb2 Rhb8 26. f3 Ke6 27.
Kc2 Nh5 28. h4 Ng3 29. Rh3 gxh4 30. Rxh4 h5 31. Rh3 Rg8 32. Re1 Rg5 33. Bd4
Rag8 34. Bf2 a4 35. Kd2 h4 36. Rxh4 Rb5 37. Bd4 Nh5 38. Re2 Rd8 39. Ke3 c5 40.
Bc3 Ng3 41. Rh6+ Kf7 42. Re1 c4 43. Kf2 Nh5 44. e5 Rd3 45. e6+ Ke7 46. Rh7+ Kd6
47. Rd7+ Kc6 48. Rd6+  1-0

[Event "2022 Zone 4.1Individual Championships "]
[Site "Hotel Rosa Beach Monastir"]
[Date "2022.03.18"]
[Round "8"]
[Board "7"]
[White "Cheikhna, Mohamed Lemine"]
[Black "Ben Hamouda, Mohamed Aymen"]
[Result "0-1"]
[WhiteElo "1957"]
[BlackElo "1509"]
[PlyCount "78"]
[EventDate "2022.03.13"]
[EventRounds "9"]
[EventCountry "TUN"]

1. c4 e6 2. d4 d5 3. Nc3 Nf6 4. e3 c6 5. Nf3 Bd6 6. Bd3 O-O 7. O-O Nbd7 8. b3
b6 9. Bb2 Bb7 10. Qc2 c5 11. cxd5 exd5 12. Nb5 Bb8 13. Ne5 h6 14. Qe2 a6 15.
Na3 cxd4 16. exd4 Re8 17. Rae1 Ne4 18. Qg4 Nxe5 19. dxe5 Bxe5 20. Bxe5 Rxe5 21.
Bxe4 dxe4 22. Rd1 Qf6 23. Nc4 Rg5 24. Qd7 Qf3 25. Ne3 Rxg2+ 26. Nxg2 e3 27.
Qxb7 exf2+ 28. Rxf2 Qxb7 29. Rdf1 f6 30. Rd2 Re8 31. Rfd1 Re5 32. h4 Re4 33.
Rd7 Qc6 34. R7d6 Qc5+ 35. Kh1 Re2 36. R6d5 Qf2 37. Rg1 Qf3 38. Rd8+ Kh7 39. Rd7
Qh3#  0-1

[Event "2022 Zone 4.1Individual Championships "]
[Site "Hotel Rosa Beach Monastir"]
[Date "2022.03.19"]
[Round "9"]
[Board "1"]
[White "Seddaoui, Yamine"]
[Black "Msellek, Ilyass"]
[Result "0-1"]
[WhiteElo "2114"]
[BlackElo "2411"]
[PlyCount "68"]
[EventDate "2022.03.13"]
[EventRounds "9"]
[EventCountry "TUN"]

1. e4 c5 2. Nf3 d6 3. d4 cxd4 4. Nxd4 Nf6 5. Nc3 Nc6 6. Bg5 e6 7. Bb5 Bd7 8.
Qd2 h6 9. Be3 Ng4 10. O-O-O Nxe3 11. Qxe3 Be7 12. Kb1 O-O 13. f4 a6 14. Be2 b5
15. Nxc6 Bxc6 16. e5 Qc7 17. Bd3 dxe5 18. fxe5 b4 19. Ne2 a5 20. Nf4 Bg5 21. h4
Bxf4 22. Qxf4 a4 23. Rh3 Kh8 24. Rg3 Rg8 25. Rf1 a3 26. b3 Bd5 27. c4 bxc3 28.
Bc2 f5 29. Rg6 Rgd8 30. g4 Be4 31. Bxe4 fxe4 32. Qxe4 Rac8 33. Qe3 c2+ 34. Kc1
Rd1+  0-1

[Event "2022 Zone 4.1Individual Championships "]
[Site "Hotel Rosa Beach Monastir"]
[Date "2022.03.19"]
[Round "9"]
[Board "2"]
[White "Sadek, Sameh"]
[Black "Bengherabi, Khalil"]
[Result "1-0"]
[WhiteElo "2233"]
[BlackElo "2124"]
[PlyCount "118"]
[EventDate "2022.03.13"]
[EventRounds "9"]
[EventCountry "TUN"]

1. d4 d5 2. Nf3 Nf6 3. c4 e6 4. Nbd2 Be7 5. g3 O-O 6. Bg2 Nbd7 7. O-O c6 8. Qc2
b6 9. e4 Bb7 10. e5 Ne8 11. cxd5 exd5 12. Re1 Nc7 13. Nf1 Ne6 14. Ne3 Re8 15.
h4 h6 16. Nf5 Bf8 17. Be3 c5 18. Qd2 cxd4 19. N5xd4 Nec5 20. Bf4 Ne4 21. Qe3
Ndc5 22. Bh3 Ne6 23. Nxe6 fxe6 24. h5 Bc5 25. Nd4 Bxd4 26. Qxd4 Ng5 27. Bg4 Nh7
28. Be2 Re7 29. Bd3 Nf8 30. Bd2 Rf7 31. f4 Nd7 32. b4 a6 33. Rac1 Re7 34. Be3
Qe8 35. Bg6 Qd8 36. Bb1 Qe8 37. g4 Rb8 38. Rc7 Qd8 39. Rec1 Nf8 40. R7c2 b5 41.
Rg2 Rc8 42. Rxc8 Qxc8 43. Rc2 Rc7 44. Rxc7 Qxc7 45. Bd3 Nd7 46. Kf2 Nb8 47. Qc5
Nc6 48. Kg3 Qd7 49. Bd2 Qd8 50. Bb1 Ne7 51. Qc2 Kf7 52. Qh7 d4 53. Bg6+ Kf8 54.
Qh8+ Ng8 55. Bh7 Kf7 56. f5 exf5 57. Bxg8+ Qxg8 58. e6+ Kf8 59. e7+ Kf7  1-0

[Event "2022 Zone 4.1Individual Championships "]
[Site "Hotel Rosa Beach Monastir"]
[Date "2022.03.19"]
[Round "9"]
[Board "3"]
[White "Ben Ghanem, Hamed"]
[Black "Cheikhna, Mohamed Lemine"]
[Result "1-0"]
[WhiteElo "2112"]
[BlackElo "1957"]
[PlyCount "93"]
[EventDate "2022.03.13"]
[EventRounds "9"]
[EventCountry "TUN"]

1. d4 d5 2. Bf4 c5 3. e3 cxd4 4. exd4 Nc6 5. c3 Bf5 6. Qb3 Qd7 7. Nf3 f6 8. h4
h5 9. Be2 e6 10. O-O Nge7 11. Re1 Ng6 12. Bg3 Be7 13. Nbd2 Bg4 14. Qc2 f5 15.
Bb5 Bxf3 16. Nxf3 O-O 17. Re2 Bd6 18. Bxd6 Qxd6 19. g3 Rf6 20. Bd3 Nf8 21. Rae1
f4 22. Kg2 Nd7 23. Bh7+ Kh8 24. Re5 Rh6 25. Ng5 Ncxe5 26. dxe5 Qe7 27. gxf4 Nf8
28. Bd3 g6 29. Qa4 Kg7 30. Re3 Rh8 31. Rg3 Rg8 32. Qd4 Kh8 33. f5 gxf5 34. Bxf5
Rxg5 35. Rxg5 Nh7 36. Bxh7 Qxh7 37. Qf4 Rg8 38. Qf6+ Rg7 39. Kh2 Kg8 40. Qxe6+
Kh8 41. Qe8+ Rg8 42. Qxg8+ Qxg8 43. Rxh5+ Qh7 44. Rxh7+ Kxh7 45. f4 Kg6 46. Kg3
a5 47. a4  1-0

[Event "2022 Zone 4.1Individual Championships "]
[Site "Hotel Rosa Beach Monastir"]
[Date "2022.03.19"]
[Round "9"]
[Board "4"]
[White "Gator, Mosab"]
[Black "Achour, Oussama"]
[Result "1-0"]
[WhiteElo "2133"]
[BlackElo "1474"]
[PlyCount "83"]
[EventDate "2022.03.13"]
[EventRounds "9"]
[EventCountry "TUN"]

1. e4 c5 2. Nc3 e6 3. Nge2 Nc6 4. g3 d5 5. d3 d4 6. Nb1 e5 7. Bg2 Be6 8. a4 a6
9. Na3 b5 10. O-O Bd6 11. f4 f6 12. Bd2 Rb8 13. axb5 axb5 14. c3 Nge7 15. cxd4
cxd4 16. f5 Bf7 17. g4 Nb4 18. Rf3 Nec6 19. Rg3 Be7 20. Nc1 Na5 21. Qe1 Nac6
22. h4 h6 23. Bf3 Ra8 24. Rb1 Na2 25. Nxa2 Bxa2 26. Ra1 Bb3 27. Nxb5 Ba4 28.
Na3 Qb6 29. Nc4 Qb5 30. g5 hxg5 31. hxg5 Kf7 32. g6+ Ke8 33. Bd1 Ra7 34. b3
Bxb3 35. Rb1 Bxc4 36. Rxb5 Bxb5 37. Bb3 Ra3 38. Qb1 Na5 39. Bf7+ Kd8 40. Qxb5
Ra1+ 41. Kg2 Ra2 42. Bxa2  1-0

[Event "2022 Zone 4.1Individual Championships "]
[Site "Hotel Rosa Beach Monastir"]
[Date "2022.03.19"]
[Round "9"]
[Board "6"]
[White "Ben Ammar, Mohamed"]
[Black "Araoun, Saadi"]
[Result "1-0"]
[WhiteElo "2173"]
[BlackElo "2058"]
[PlyCount "79"]
[EventDate "2022.03.13"]
[EventRounds "9"]
[EventCountry "TUN"]

1. d4 Nf6 2. c4 g6 3. Nc3 Bg7 4. Nf3 d6 5. Bg5 h6 6. Bh4 g5 7. Bg3 Nh5 8. e3 c5
9. d5 Nxg3 10. hxg3 Bxc3+ 11. bxc3 Kd7 12. e4 Kc7 13. a4 a5 14. Be2 Nd7 15. Rb1
Qg8 16. g4 Qg7 17. Qb3 Ra6 18. O-O h5 19. gxh5 g4 20. Nh4 Qf6 21. Nf5 Qg5 22.
f4 gxf3 23. Rxf3 e6 24. dxe6 fxe6 25. Rg3 Qd2 26. Qd1 Qxd1+ 27. Rxd1 exf5 28.
exf5 Nf6 29. Rg7+ Bd7 30. g4 Raa8 31. h6 Rag8 32. g5 Ne4 33. Rxg8 Rxg8 34. h7
Rd8 35. g6 Bxf5 36. Bh5 d5 37. Rxd5 Nd6 38. Rxc5+ Kd7 39. Bg4 Ke6 40. g7  1-0

[Event "2022 Zone 4.1Individual Championships "]
[Site "Hotel Rosa Beach Monastir"]
[Date "2022.03.19"]
[Round "9"]
[Board "7"]
[White "Ben Hamouda, Mohamed Aymen"]
[Black "Sentissi, Yassine"]
[Result "1/2-1/2"]
[WhiteElo "1509"]
[BlackElo "1844"]
[PlyCount "84"]
[EventDate "2022.03.13"]
[EventRounds "9"]
[EventCountry "TUN"]

1. e4 c5 2. Nf3 d6 3. g3 Nf6 4. d3 g6 5. Bg2 Bg7 6. O-O O-O 7. Re1 e5 8. c3 Nc6
9. a3 b5 10. h3 a5 11. a4 b4 12. Nbd2 Rb8 13. Nc4 Be6 14. Nfd2 Qd7 15. Kh2 Rfd8
16. Nb3 Bxc4 17. dxc4 Qe6 18. Bf1 bxc3 19. bxc3 Nd7 20. Nd2 Ne7 21. Rb1 Rxb1
22. Nxb1 f5 23. f3 Nf6 24. Na3 Kh8 25. Nb5 Neg8 26. Qd3 Bh6 27. Bxh6 Nxh6 28.
Rd1 Nf7 29. Bg2 f4 30. g4 h5 31. Qe2 Kg7 32. Rh1 hxg4 33. hxg4 Rh8+ 34. Kg1
Rxh1+ 35. Kxh1 Nd7 36. Nc7 Qe7 37. Nd5 Qh4+ 38. Kg1 Nf6 39. Qf2 Qxf2+ 40. Kxf2
Nxd5 41. cxd5 Kf6 42. Bf1 Kg5  1/2-1/2